书目信息 |
| 题名: |
市场第2
|
|
| 作者: | 黄敬泽 著 | |
| 分册: | ||
| 出版信息: | 北京 中国时代经济出版社 2005.01 |
|
| 页数: | 273页 | |
| 开本: | 21cm | |
| 丛书名: | ||
| 单 册: | ||
| 中图分类: | F713.50-49 | |
| 科图分类: | ||
| 主题词: | 市场营销学--shi chang ying xiao xue--通俗读物 | |
| 电子资源: | ||
| ISBN: | 7-80169-614-X | |
| 000 | 00948nam0 2200265 450 | |
| 001 | 012008176953 | |
| 005 | 20080424105516.14 | |
| 010 | @a7-80169-614-X@dCNY20.00 | |
| 100 | @a20080424d2005 km y0chiy0120 ea | |
| 101 | 0 | @achi |
| 102 | @aCN@b110000 | |
| 105 | @ay z 000yy | |
| 106 | @ar | |
| 200 | 1 | @a市场第2@Ashi chang di 2@d= Market is Second@f黄敬泽著@Fhuang jing ze zhu@zeng |
| 210 | @a北京@c中国时代经济出版社@d2005.01 | |
| 215 | @a273页@d21cm | |
| 312 | @a版权页题名为: 市场第二 | |
| 330 | @a本书作者以敏捷的思路,风趣的语言,哲学的推理,引经据典,说明从古到今都应是市场第二,都需要市场第二,都将会是市场第二,具有较深的现实意义。该书可读性强。 | |
| 510 | 1 | @aMarket is Second@zeng |
| 517 | 1 | @a市场第二@Ashi chang di er |
| 606 | 0 | @a市场营销学@Ashi chang ying xiao xue@j通俗读物 |
| 690 | @aF713.50-49@v4 | |
| 701 | 0 | @a黄敬泽@Ahuang jing ze@4著 |
| 801 | 0 | @aCN@bQSSK@c20080424 |
| 905 | @b20702331-32@dF713.50-49@eH849@f3 | |
| 市场第2= Market is Second/黄敬泽著.-北京:中国时代经济出版社,2005.01 |
| 273页;21cm |
| ISBN 7-80169-614-X:CNY20.00 |
| 本书作者以敏捷的思路,风趣的语言,哲学的推理,引经据典,说明从古到今都应是市场第二,都需要市场第二,都将会是市场第二,具有较深的现实意义。该书可读性强。 |
| ● |
| 相关链接 |
|
|
|
正题名:市场第2
索取号:F713.50-49/H849
 
预约/预借
| 序号 | 登录号 | 条形码 | 馆藏地/架位号 | 状态 | 备注 |
| 1 | 702331 | 207023317 | 社科库409/409社科库 60排2列1层/ [索取号:F713.50-49/H849] | 在馆 | |
| 2 | 702332 | 207023326 | 社科库409/409社科库 44排2列1层/ [索取号:F713.50-49/H849] | 在馆 |